| 000 | 03763cam a22005895i 4500 | ||
|---|---|---|---|
| 001 | data | ||
| 005 | 20260322212117.0 | ||
| 006 | data | ||
| 007 | data | ||
| 008 | data | ||
| 035 | _a21676635 | ||
| 906 |
_a0 _bibc _corigres _du _encip _f20 _gy-gencatlg |
||
| 925 | 0 |
_aacquire _epcnspringer _xpolicy default |
|
| 010 | _a 2019744550 | ||
| 020 | _a9783319575988 | ||
| 024 | 7 |
_a10.1007/978-3-319-57598-8 _2doi |
|
| 035 | _a(DE-He213)978-3-319-57598-8 | ||
| 040 |
_aDLC _beng _erda _erda _cDLC |
||
| 072 | 7 |
_aPDX _2bicssc |
|
| 072 | 7 |
_aPDX _2thema |
|
| 072 | 7 |
_aSCI034000 _2bisacsh |
|
| 082 | 0 | 4 |
_a509 _223 |
| 097 | 0 | 0 | _aD1-DX301 |
| 100 | 1 |
_aGyllenbok, Jan. _eauthor. |
|
| 245 | 1 | 0 |
_aEncyclopaedia of Historical Metrology, Weights, and Measures : _bVolume 1 / _cby Jan Gyllenbok. |
| 250 | _a1st ed. 2018. | ||
| 264 | 1 |
_aCham : _bImprint: Birkhäuser, _bImprint: Birkhäuser, _c2018. |
|
| 300 | _a1 online resource (XIX, 677 pages 22 illustrations, 9 illustrations in color.) | ||
| 336 |
_atext _btxt _2rdacontent |
||
| 337 |
_acomputer _bc _2rdamedia |
||
| 338 |
_aonline resource _bcr _2rdacarrier |
||
| 347 |
_atext file _bPDF _2rda |
||
| 490 | 1 |
_aScience Networks. Historical Studies, _x1421-6329 ; _v56 |
|
| 505 | 0 | _a1.Introduction -- 2.Systems of Units -- 3.A-Z of Metric, Scientific and Informal Measures -- 4.Time Measurements and Calendars -- 5.Ancient Systems of Weights, Measures and Currencies -- References. | |
| 520 | _aThis first of three volumes starts with a short introduction to historical metrology as a scientific discipline and goes on with an anthology of acient and modern measurement systems of all kind, scientific measures, units of time, weights, currencies et cetera It concludes with an exhaustive list of references. Units of measurement are of vital importance in every civilization through history. Since the early ages, man has through necessity devised various measures to assist him in everyday life. They have enabled and continue to enable us to trade in commonly and equitably understood amounts, and to investigate, understand, and control the chemical, physical, and biological processes of the natural world. The essence of the work is an alphabetically ordered, comprehensive list of measurement nomenclature, units and scales. It provides an understanding of almost all quantitative expressions observed in all imaginable situations, including spelling variants and the abbreviations and symbols for units, and various acronyms used in metrology. It will be of use not only to historians of science and technology, but also to economic and social historians and should be in every major academic and national library as standard reference work on the topic. | ||
| 588 | _aDescription based on publisher-supplied MARC data. | ||
| 650 | 0 | _aCivilization-History. | |
| 650 | 0 | _aEconomic history. | |
| 650 | 0 | _aFinance-History. | |
| 650 | 0 | _aHistory. | |
| 650 | 1 | 4 |
_aHistory of Science. _0https://scigraph.springernature.com/ontologies/product-market-codes/731000 |
| 650 | 2 | 4 |
_aCultural History. _0https://scigraph.springernature.com/ontologies/product-market-codes/723000 |
| 650 | 2 | 4 |
_aEconomic History. _0https://scigraph.springernature.com/ontologies/product-market-codes/W41000 |
| 650 | 2 | 4 |
_aFinancial History. _0https://scigraph.springernature.com/ontologies/product-market-codes/617000 |
| 776 | 0 | 8 |
_iPrint version: _tEncyclopaedia of historical metrology, weights, and measures : volume 1 _z9783319575964 _w(DLC) 2017946468 |
| 776 | 0 | 8 |
_iPrinted edition: _z9783030096243 |
| 776 | 0 | 8 |
_iPrinted edition: _z9783319575964 |
| 776 | 0 | 8 |
_iPrinted edition: _z9783319575971 |
| 830 | 0 |
_aScience Networks. Historical Studies, _x1421-6329 ; _v56 |
|
| 985 | _aspringerpcn | ||
| 991 |
_as-Online _hElectronic Resource |
||
| 999 |
_c1780 _d1780 |
||